000 00635nam a2200181Ia 4500
008 090630s9999 xx 000 0 und d
082 _b6265
100 _aदेवळे श. रा.
245 _aइतिहासातील नवलकथा.
_cदेवळे श. रा.
260 _bश्रीविद्या.
_c1980
300 _a1956
600 _aदेवळे श. रा.
630 _aइतिहासातील नवलकथा.
655 _aबालवाङमय.
700 _aदेवळे श. रा.
730 _aइतिहासातील नवलकथा.
942 _cBOOK
999 _c258121
_d258121